000 00606nam a2200205 i 4500
001 149472
003 ES-MaACL
005 20240601063027.0
007 t|
008 071022s1973 sp ||||1| spa d
100 1 _aVázquez, Luis.
_9113371
245 1 0 _aCayó mi sed al fondo de tu pozo
_b: (poemas dislocados) /
_cLuis Vázquez.
260 _aPalencia :
_bRocamador,
_c1973.
300 _a79 p. ;
_c22 cm.
490 1 _aColección Rocamador ;
_v75
830 0 0 _aRocamador (Serie) ;
_v75
_9236737
852 _aES-MaACL
_jC-54333
_bR.87250
942 _2udc
999 _c149472
_d149472